Современный социоэкономический словарь

Bibliographische Detailangaben
1. Verfasser: Райзберг Б. А. Борис Абрамович
Zusammenfassung:Авт. указан на обороте тит.
Социоэкономический словарь включает научно-теоретические и прикладные понятия из области экономики, финансов, социологии, политологии, психологии, права и философии, которые объяснены простым, доходчивым языком, не требующим наличия у пользователей специальных знаний. Отдельные термины заимствованы из научных монографий и учебных пособий.
Sprache:Russisch
Veröffentlicht: Москва, Инфра-М, 2010
Schriftenreihe:Библиотека словарей "Инфра-М"
Schlagworte:
Format: MixedMaterials Buch
KOHA link:https://koha.lib.tpu.ru/cgi-bin/koha/opac-detail.pl?biblionumber=166926

MARC

LEADER 00000nam0a2200000 4500
001 166926
005 20231101222645.0
010 |a 9785160036700 
035 |a (RuTPU)RU\TPU\book\181060 
090 |a 166926 
100 |a 20091009d2010 m y0rusy50 ca 
101 0 |a rus 
102 |a RU 
105 |a y e 000zy 
200 1 |a Современный социоэкономический словарь  |f Б. А. Райзберг 
210 |a Москва  |c Инфра-М  |d 2010 
215 |a 629 с. 
225 1 |a Библиотека словарей "Инфра-М" 
300 |a Авт. указан на обороте тит. 
330 |a Социоэкономический словарь включает научно-теоретические и прикладные понятия из области экономики, финансов, социологии, политологии, психологии, права и философии, которые объяснены простым, доходчивым языком, не требующим наличия у пользователей специальных знаний. Отдельные термины заимствованы из научных монографий и учебных пособий. 
606 1 |a Социология  |2 stltpush  |3 (RuTPU)RU\TPU\subj\67656  |9 83377 
606 1 |a Экономика  |2 stltpush  |3 (RuTPU)RU\TPU\subj\26549  |9 50450 
610 1 |a финансы 
610 1 |a политология 
610 1 |a психология 
610 1 |a право 
610 1 |a философия 
610 1 |a термины 
610 1 |a понятия 
610 1 |a словари 
686 |a С5я2  |v LBC/SL-A  |2 rubbk 
686 |a Уя2  |v LBC/SL-A  |2 rubbk 
700 1 |a Райзберг  |b Б. А.  |g Борис Абрамович 
801 1 |a RU  |b 63413507  |c 20091009 
801 2 |a RU  |b 63413507  |c 20181224  |g RCR 
942 |c BK 
959 |a 103/20091007  |d 1  |e 379,90  |f ЧЗСБИ:1